Information technology for the practicing physician /

Bibliographic Details
Other Authors: Kiel, Joan M.
Format: Book
Language:English
Published: New York : Springer, [2001]
Series:Health informatics.
Subjects:

MARC

Tag First Indicator Second Indicator Subfields
LEADER 00000cam a22000004a 4500
001 in00004491721
005 20191203081857.0
008 000510s2001 nyua b 001 0 eng
010 |a  00040038  
020 |a 0387989846 (alk. paper) 
035 |a (OCoLC)ocm44067032 
035 |z (UtOrBLW)28827 
035 |a 43332 
040 |a DLC  |c DLC  |d YDX  |d COU  |d UtOrBLW 
042 |a pcc 
049 |a TMVM  |c 1 
050 0 0 |a R858  |b .I547 2001 
082 0 0 |a 362.1/0285  |2 21 
096 |a W 26.5  |b I433 2001 
245 0 0 |a Information technology for the practicing physician /  |c Joan M. Kiel, editor. 
264 1 |a New York :  |b Springer,  |c [2001] 
264 4 |c ©2001 
300 |a xix, 271 pages :  |b illustrations ;  |c 25 cm. 
336 |a text  |2 rdacontent  |b txt 
337 |a unmediated  |2 rdamedia 
338 |a volume  |2 rdacarrier  |b nc 
490 1 |a Health informatics series 
504 |a Includes bibliographical references and index. 
650 2 |a Medical Informatics Applications. 
650 2 |a Information Storage and Retrieval  |x utilization. 
650 2 |a Delivery of Health Care  |x organization & administration. 
700 1 |a Kiel, Joan M. 
830 0 |a Health informatics. 
999 |a MARS 
999 f f |s eebbd64f-a36f-35f6-bf7b-bf283e78c899  |i 62c4e641-7c8c-3eef-a45e-130cbd57a9fc  |t 0 
952 f f |p ric  |a Texas A&M University  |b Rellis Campus  |c Joint Library Facility  |d Remote Storage  |t 0  |e W 26.5 I433 2001  |h National Library of Medicine classification  |i unmediated -- volume  |m 323890167635A 
998 f f |a W 26.5 I433 2001  |t 0  |l Remote Storage